000
00329nam a2200121Ia 4500
008
190722s9999 xx 000 0 und d
020
_a
978-81-265-5685-4
100
_a
Micheal Dippery
245
0
_a
Professional IOS programming with Swift
260
_a
New Delhi
_b
John Wiley & Sons.Inc. (India)
_c
2015
300
_a
276
942
_c
BK
999
_c
237
_d
237